| 000 | 00721cam a2200205 4500 | ||
|---|---|---|---|
| 008 | 090401t1992 xxu||||| |||| 00| 0 eng d | ||
| 020 | _a0117526401 | ||
| 035 | _a(Sirsi) u60043 | ||
| 041 | _aeng | ||
| 110 |
_aUnited Kingdom _bDepartment of the Environment _9982 |
||
| 245 | _aHouses in multiple occupation : Guidance to local housing authorities on standards of fitness under section 352 of the Housing Act 1985 | ||
| 260 |
_bHMSO _c1992 |
||
| 300 | _a52p | ||
| 350 | _a0.05 | ||
| 490 |
_aDoE Circular _v12/92 14 May 1992 |
||
| 520 | _aGives guidance to local authorities on the standards which they might consider when exercising powers over an HMO. | ||
| 690 | _aHOUSING | ||
| 942 | _n0 | ||
| 948 | _c04/03/1997 | ||
| 999 |
_c94191 _d94191 |
||